000 00327nam a2200133Ia 4500
008 191201s2000 xx 000 0 und d
082 _a677
_bGHS
100 _aGHOSH, G K
245 0 _aNon-conventional Textiles in India
260 _aN.Delhi
_bA P H Publisher
_c2000
300 _a170
650 _aB.Tech(TE)
942 _2ddc
_cBK
999 _c2347
_d2347